000 00917nam a2200217Ii 4500
003 JO-AjNU
008 230605s9999||||xx |||||||||||||| ||und||
020 _a987-1-56564-477-9
040 _aJO-AjNU
_bara
_erda
_cJO-AjNU
041 _aara
050 1 4 _aB741.F357 2012
100 3 _aعكاشة،رائد جميل ، الجندي،محمد علي ، خرمه،مروة محمود,
_eauthor
_952379
245 0 0 _aالفلسفة في الفكر الاسلامي :قراءة منهجية ومعرفية
250 _aط1
264 3 1 _aفرجينيا:المعهد العالمي للفكر الاسلامي ،2012
300 _a 592ص
_bالكشاف من 587-592 ص
336 _atext
_btxt
_2rdacontent
337 _aunmediated
_bn
_2rdamedia
338 _avolume
_bnc
_2rdacarrier
650 4 _aالفلسفة الاسلامية-علم الكلام-الفكر الاسلامي-الابداع الفلسفي
_952380
999 _aA23199
_c26767
_d26767